African Geography by Letter - G - Statistics

General Stats
  • This quiz has been taken 1,013 times
    336 since last reset
  • The average score is 13 of 20
Answer Stats
Hint Answer % Correct
Egyptian pyramid locale Giza
98%
Gulf that Nigeria borders Gulf of {Guinea}
91%
Strait that separates Africa and Europe Strait of {Gibraltar}
91%
Largest primate Gorilla
88%
Africa's most forested country Gabon
86%
Capital of Botswana Gaborone
84%
45% of it people are Akan Ghana
83%
Victoria, Tanganyika, Malawi, e.g. Great Lakes
78%
River with its mouth near Banjul Gambia River
70%
Capital of Burundi Gitega
69%
South African national park with thenamesake of a San Franciscan bridge {Golden} {Gate}Highlands
63%
Noseless statue of the above Great Sphinx
62%
Western Cape's second largest city that was named for a "mad" king George
61%
Colonial name of the above Gold Coast
49%
6,000 km long valley in East Africa Great Rift Valley
48%
National animal of Tanzania Giraffe
46%
Third-largest of the Canary Islands Gran Canaria
45%
Largest Comorian island whose formula for its name is like the above Grande Comore
29%
Congolese city on the Rwandan border Goma
21%
Largest city of Eastern Cape Gqeberha
19%
No matching quizzes found
Score Distribution
Percent of People with Each Score
Percentile by Number Answered
Your Score History
You have not taken this quiz since the last reset